=LDR 00000nam 2200000 4500 =001 INLIS000000000014990 =005 20130612110253 =008 ***********************************Ind** =035 ##$$0010-061300000014990 =041 ##$$a Ind =082 ##$$a 634.5 =090 ##$$a 634.5, Lut p =100 ##$$a Lutong, toni luqman =245 ##$$a Pinang sirih dan komoditi ekspor dan seribagana, Toni luqman lutong =260 ##$$a 1993 $b Yogyakarta =300 ##$$a 42 hlm, Ilus, 21 cm =650 ##$$a Pinang sirih =850 ##$$a NBPNMAT